| 000 | 00882nam a2200253 i 4500 | ||
|---|---|---|---|
| 003 | IT-RoINE | ||
| 005 | 20180312102616.0 | ||
| 008 | 161214s2016 sp |r 000|||spa|d | ||
| 020 | _a9788477315919 | ||
| 040 |
_aSpMaBN _cSpMaBN IT-RoINE _dIT-RoINE |
||
| 100 | 1 |
_aDelgado de la Rosa, Juan Antonio, _d1965- _96499 |
|
| 245 | 1 | 3 |
_aEl profetismo del Padre Llanos (1906-1992) : _bentre la perplejidad y la frontera / _cJuan Antonio delgado de la Rosa. |
| 260 |
_aMadrid : _bEndymion, _c2016. |
||
| 300 |
_a306 p. ; _c21 cm. |
||
| 336 |
_aTexto (visual) _2isbdcontent |
||
| 337 |
_2rdamedia _aunmediated |
||
| 338 |
_2rdacarrier _avolume |
||
| 490 | 1 | _aEndymion ensayo | |
| 504 | _aBibliografía: p. 289-306. | ||
| 600 | 1 | 4 |
_aLlanos, José María de, _d1906-1992 _9293 _cS.I., |
| 650 | 4 |
_aProfecía _xCristianismo _945771 |
|
| 830 | 0 |
_aEnsayo (Endymion) _945772 |
|
| 942 | _cMTS | ||
| 999 |
_c23186 _d23186 |
||